| 000 | 00714na a2200253 4500 | ||
|---|---|---|---|
| 001 | 18049 | ||
| 003 | MIRAKIL | ||
| 005 | 20181213154914.0 | ||
| 008 | 161110b tu 000 0 | ||
| 020 | _a975533002X | ||
| 040 |
_aMilas _btur _cTR-AnCHP |
||
| 041 | _atur | ||
| 082 |
_a956.103 _bB23d 1990 |
||
| 090 | _a956.103 B23d 1990 | ||
| 100 | _aBağcı, Hüseyin | ||
| 245 |
_aDemokrat Parti dönemi dış politikası _cHüseyin Bağcı |
||
| 260 |
_aAnkara _bİmge _c1990 |
||
| 300 |
_a184 s. _c20 sm. |
||
| 490 |
_aİmge Kitabevi yayınları _v18 |
||
| 504 | _aKaynakça var. | ||
| 610 |
_aDemokrat Parti _xTarih _yDış politika |
||
| 650 |
_aTarih _xDış politika _yDemokrat Parti |
||
| 942 |
_2ddc _cBKS |
||
| 999 |
_c2934 _d2934 |
||